Narayani True Story Of A Sati / (Record no. 205333)
[ view plain ]
| 000 -LEADER | |
|---|---|
| fixed length control field | 00606nam a22002057a 4500 |
| 005 - DATE AND TIME OF LATEST TRANSACTION | |
| control field | 20240828120049.0 |
| 010 ## - LCCN (DPL NO) | |
| LC control number | ENG-141491 |
| 020 ## - INTERNATIONAL STANDARD BOOK NUMBER | |
| Terms of availability | 395.00 |
| International Standard Book Number | 9788192190673 |
| 035 ## - SYSTEM CONTROL NUMBER | |
| System control number | EN-125023 |
| 037 ## - SOURCE OF ACQUISITION | |
| Source of stock number/acquisition | DBAD |
| 082 ## - DEWEY DECIMAL CLASSIFICATION NUMBER | |
| Classification number | S |
| Edition number | FIRST |
| 100 ## - MAIN ENTRY--PERSONAL NAME | |
| Personal name | Gupta, Monica Sudhir |
| 245 ## - TITLE STATEMENT | |
| Title | Narayani True Story Of A Sati / |
| Statement of responsibility, etc | by Monica Sudhir Gupta |
| 250 ## - EDITION STATEMENT | |
| Edition statement | First |
| 260 ## - PUBLICATION, DISTRIBUTION, ETC. (IMPRINT) | |
| Place of publication, distribution, etc | Delhi |
| Name of publisher, distributor, etc | Vitasta Publishing Pvt ltd. |
| Date of publication, distribution, etc | 2023 |
| 270 ## - ADDRESS | |
| City | Delhi |
| Address | 2/15, Ansari Road, Daryaganj New Delhi |
| Postal code | 110002 |
| Electronic mail address | info@vitastapublishing.com |
| 300 ## - PHYSICAL DESCRIPTION | |
| Extent | 235p. |
| Dimensions | 20 cm(pb) |
| 700 ## - ADDED ENTRY--PERSONAL NAME | |
| 9 (RLIN) | 70620 |
| 942 ## - ADDED ENTRY ELEMENTS (KOHA) | |
| Source of classification or shelving scheme | Dewey Decimal Classification |
| Item type | English Books |
| Classification part | S |
| Call number suffix | GUP |
| Withdrawn status | Lost status | Not for loan | Home library | Current library | Date acquired | Source of acquisition | Cost, normal purchase price | Full call number | Barcode | Copy number | Cost, replacement price | Koha item type |
|---|---|---|---|---|---|---|---|---|---|---|---|---|
| D.B.Act.Division | D.B.Act.Division | 28/08/2024 | DBAD | 395.00 | S GUP | EN-125023 | 1 | 395.00 | English Books |
